000 01275nam a2200337 i 4500
001 000027416
003 DO-SdBNP
005 20251210130638.0
007 ta
008 110331s1993 dr ac r 000 | spa d
020 _a8449993067
040 _aDO-SdBNP
_bspa
_cBNPHU
_erda
041 _aspa
082 4 _a972.93052
_bB171i 1993
_222
100 1 _a Balaguer, Joaquín,
_d1906-2002
_976556
_eautor
_4aut.
245 1 3 _aLa isla al revés :
_bHaití y el destino dominicano /
_cJoaquín Balaguer.
250 _aSéptima edición
264 _aSanto Domingo, República Dominicana :
_bEditora Corripio,
_c©1993.
300 _a257 páginas :
_bilustraciones, retratos ;
_c23 cm.
336 _atexto
_btxt
_2rdacontent
337 _asin mediación
_bn
_2rdamedia
338 _avolumen
_bnc
_2rdacarrier
500 _aIncluye referencias bibliográficas y notas al pie de las páginas.
590 _aInventariado, 2019/BT
651 4 _aRepública Dominicana
_xHistoria
_y Ocupación haitiana*1822-1844
_97666
651 0 _aRepública Dominicana
_xHistoria
_y1844-1930
_91009
651 4 _aRepública Dominicana
_xRelaciones
_zHaiti
_95153
651 4 _aHaití
_xRelaciones
_zRepública Dominicana
_92614
910 _aValidado. Control de calidad MFF
942 _2ddc
_cLBS1
999 _c26908
_d26908